Marching Band Instruments - Statistics

General Stats
  • This quiz has been taken 118 times
  • The average score is 13 of 15
Answer Stats
Caption Answer % Correct
Woodwind Clarinet
99%
Woodwind Flute
99%
Brass Trumpet
99%
Brass Trombone
95%
Drumline Bass Drum
92%
Drumline Snare Drum
92%
Woodwind Piccolo
90%
Drumline Tenor Drum
90%
Woodwind Alto Sax
89%
Brass Sousaphone
86%
Woodwind Tenor Sax
86%
Brass Baritone
82%
Brass Mellophone
80%
Woodwind Bass Clarinet
76%
Woodwind Bari Sax
73%
No matching quizzes found
Score Distribution
Percent of People with Each Score
Percentile by Number Answered
Your Score History
You have not taken this quiz